000 00647cam a22002411 4500
001 sa 68008739
003 DLC
005 20260227112535.0
008 941010s1956 np c d 000 0 nepo
010 _asa 68008739
025 _aPL480:N-271
035 _a(OCoLC)31253516
040 _aDLC
_cCU
_dCU
_dDLC
041 0 _anepnew
042 _apremarc
050 0 0 _aPL3801.N54
_bJ6
100 1 _aJośī, Pannāprasāda.
245 1 0 _aSaṅkshipta Nepāla bhāshā śabda-kośa.
260 _c1076 [1956?]
300 _a2, 2, 283, 3, 3 p.
_bport.
_c18 cm.
500 _aNepali and Newari.
650 0 _aNewari language
_xDictionaries
_xNepali.
999 _c82540
_d82540